000 00436nam a2200145Ia 4500
008 100122s9999 xx 000 0 und d
082 _b44453
_a910.4
100 _aGARRETT WILBUR
245 _aNATIONAL GEOGRAPHIC : 100 YEARS 1888-1988
260 _bNATIONAL GEOGRAPHIC SOCIETY
_c1990
300 _a1215
630 _aNATIONAL GEOGRAPHIC : 100 YEARS 1888-1988
730 _aNATIONAL GEOGRAPHIC : 100 YEARS 1888-1988
942 _cBOOK
999 _c373409
_d373406